000 00492nam a2200181Ia 4500
005 20250508150943.0
008 008 250505s9999 xx 000 0 eng d
037 _aTextual
040 _aFEDL
_beng
_cFEDL
041 _aeng
_2eng
084 _a741.24, GEE
_qFEDL
100 _aGeen Evelyne
_9758028
245 0 _aPencil sketching
260 _aLondon, UK
_bSir Isaac Pitman and Sons Ltd
_c1944
300 _a85p
942 _cTEXL
_h741.24, GEE
999 _c1326696
_d1326696